000 02818cam a22006374i 4500
003 PE-LiUPU
005 20250731170444.0
008 150625s2004 sp a rb 000 0 spa d
020 _a8497920082
020 _a9788497920087
035 _a(Sirsi) i9788497920087
040 _aPE-LiUPU
_bspa
_cPE-LiUPU
_dPE-LiUPU
_erda
049 _aPRUA
082 0 4 _a159.943
_bE79 2004
082 0 4 _a159.943
_bE79
_221
100 1 _aEscobar Díaz, Raquel,
_eautor.
245 1 0 _aTaller de psicomotricidad :
_bguía práctica para docentes /
_cRaquel Escobar Díaze Ideaspropias.
264 1 _a[Vigo, España] :
_bIdeas Propias,
_c2004.
300 _a141 páginas :
_bilustraciones ;
_c24 centímetros
336 _atext
_2rdacontent
337 _aunmediated
_2rdamedia
338 _avolume
_2rdacarrier
504 _aIncluye bibliografía.
505 0 _aConceptos teóricos básicos -- Autoevaluación -- Metodología de trabajo -- Autoevaluación -- La conciencia corporal, el esquema corporal y la propia imagen -- Autoevaluación -- La coordinación motriz y el control postural -- Autoevaluación -- El desplazamiento -- Autoevaluación -- La función tónica -- Autoevaluación -- Coordinación visomotora -- Autoevaluación -- El espacio -- Autoevaluación -- El tiempo -- Autoevaluación -- La respiración -- Autoevaluación -- Lenguajes -- Autoevaluación 11.
526 _aSEG68
526 _aSEG70
526 _aSEG69
526 _aSEG67
526 _aSEG43
526 _aP144
526 _aP143
526 _aP131
526 _aP122
526 _aP120
526 _aP117
526 _aP112
526 _aP110
526 _aP106
526 _aP101
526 _aP80
526 _aP59
526 _aP54
526 _aP35
526 _aP33
526 _aP30
541 _g014-0000458;
650 0 4 _aPsicomotricidad.
942 _2ddc
_cBOOK
949 _a159.943 E79
_wDEWEY
_c1
_i58979
_d2016-4-26
_e2016-4-26
_lCCODEBUL1
_mBUL
_n1
_p31.00
_r0
_sY
_tBOOK
_u2015-6-25
_xSALUD
_PP33
_0COMPRA
_o.STAFF. Colección Ciencias de la Salud
949 _a159.943 E79
_wDEWEY
_c1
_iFJ03213
_lCCODEBUJ1
_mBUJ
_p12.35
_r0
_sY
_tBOOK
_u2015-10-13
_xEDUCACION
_PP20
_0COMPRA
_o.STAFF. Colección General Juliaca
994 _aC0
_bPEPRU
596 _a1 3
999 _a159.943 E79
_wDEWEY
_c47816
_i58979
_d47816
_e2017-10-29
_f2021-11-3
_g6
_lCCODEBUL1
_mBUL
_n2
_p31.00
_q2
_r0
_sY
_tBOOK
_u2015-6-25
_xSALUD
_zP33
_0COMPRA
_o.STAFF. Colección Ciencias de la Salud
999 _a159.943 E79
_wDEWEY
_c1
_iFJ03213
_d2019-4-26
_e2017-9-19
_f2022-1-17
_g4
_lCCODEBUJ1
_mBUJ
_n1
_p12.35
_q3
_r0
_sY
_tBOOK
_u2015-10-13
_xEDUCACION
_PP20
_0COMPRA
_o.STAFF. Colección General Juliaca
980 _81
_gALBERTO SANCHEZ Responsable de Automatización